| 000 | 01270cam a2200277Ka 4500 | ||
|---|---|---|---|
| 082 | 0 | 4 |
_a629.2 _bAut _cL-17, P-6 |
| 100 |
_aH. Kerr Thomas _944348 |
||
| 245 | 0 | 0 |
_aAutomobile engineering _ba general reference work / _cprepared by a staff of automobile experts, consulting engineers, and designers of the highest professional standing. |
| 250 | _aVol-VI | ||
| 260 |
_aChicago : _bAmerican Technical Society, _cc1920. |
||
| 300 |
_a1 online resource (6 v.) : _bill. |
||
| 500 | _a"Authorities consulted" at beginning of each volume. | ||
| 500 | _aIncludes index, in each volume. | ||
| 505 | 1 | _av. 4. Electrical equipment for gasoline cars (continued) / by C.B. Hayward. -- v. 6. Gasoline tractors ; Commercial vehicles ; Electric automobiles / by C.B. Hayward. | |
| 526 |
_a0 _b0 _c0 _d629_200000000000000_AUT |
||
| 526 |
_a0 _b0 _c0 _d629_200000000000000_AUT |
||
| 526 |
_a0 _b0 _c0 _d629_200000000000000_AUT |
||
| 526 |
_a0 _b0 _c0 _d629_200000000000000_AUT |
||
| 526 |
_a0 _b0 _c0 _d629_200000000000000_AUT |
||
| 650 | 0 |
_aAutomobiles _xMaintenance and repair. _944349 |
|
| 650 | 0 |
_aAutomobiles. _938699 |
|
| 650 | 0 |
_aMCE _9379 |
|
| 710 | 2 |
_aAmerican Technical Society. _944350 |
|
| 856 | 4 | 0 | _uhttp://catalog.hathitrust.org/api/volumes/oclc/8203275.html |
| 942 |
_2ddc _cBK |
||
| 999 |
_c548168 _d548168 |
||